Star wars the tragedy of Darth Plagueis the wise - Statistics

General Stats
  • This quiz has been taken 68 times
  • The average score is 113 of 139
Answer Stats
Hint Answer % Correct
a a
100%
radth | rathd Darth
100%
idd did
100%
vere ever
100%
eh he
100%
hrea hear
100%
I I
100%
ti it
100%
'tis | st'i | t'si it's
100%
dije | idej jedi
100%
on No
100%
ont | tno | ton not
100%
fo of
100%
rotsy story
100%
ltel tell
100%
eht | eth | het | hte the
100%
tghouth thought
100%
siwe wise
100%
douwl would
100%
uoy you
100%
iths | tish sith
97%
dgyerat tragedy
97%
saw | swa | wsa was
97%
lapidues Plagueis
95%
drak | radk dark
90%
orcef force
90%
rold lord
90%
locdu | lodcu | loucd | oulcd could
87%
opewr | repwo power
87%
os so
87%
ot to
87%
seu use
87%
owerpoflu | woperflu powerful
85%
dan and
82%
morf | mrof | romf from
82%
aguilpse Plagueis
82%
ni in
77%
eglned legend
77%
ish | shi | sih his
74%
eathd | thead death
72%
dha had
72%
pkee keep
72%
edis side
72%
vene even
69%
nkeweldge knowledge
67%
flie life
67%
idharlmincios midi-chlorians
67%
vase save
67%
si is
64%
eolpep people
64%
ihm him
59%
rionci ironic
59%
cush such
59%
lunecfeni influence
56%
newk knew
56%
hten then
56%
tuoba about
54%
epptacenri | pretcieapn apprentice
54%
tbu but
54%
racde cared
54%
rteace create
54%
ydgin dying
54%
enos ones
54%
shti this
54%
hichw which
54%
camebe became
51%
venltlueay eventually
51%
ilkeld killed
51%
lepse sleep
51%
hmilfes himself
49%
sterho others
46%
ernla learn
44%
lyon only
41%
utagth taught
41%
inght thing
41%
auatlcy actually
38%
fairda afraid
38%
sinlog losing
38%
rocesu course
36%
sslbpoei possible
36%
founrnalteytu Unfortunately
36%
vereinthgy everything
31%
No matching quizzes found
Score Distribution
Percent of People with Each Score
Percentile by Number Answered
Your Score History
You have not taken this quiz